[Event "IECG CB.2005.0.00143 email"]
[Site "IECG email"]
[Date "2005.08.28"]
[Round "?"]
[White "Phillips, Patrick"]
[Black "Bertel, Michael"]
[Result "0-1"]
[WhiteElo "1811"]
[BlackElo "1815"]
[PlyCount "32"]
[EventDate "2005.08.28"]
[EventType "tourn (corr)"]
[EventRounds "6"]
[SourceTitle "Corr 2008"]
[Source "ChessBase"]
[SourceDate "2008.06.24"]
[SourceVersion "1"]
[SourceVersionDate "2008.06.24"]
[SourceQuality "1"]

1. e4 e5 2. d4 exd4 3. c3 d5 4. exd5 Nf6 5. Nf3 Qxd5 6. cxd4 Bb4+ 7. Nc3 0-0 8. Be2 Ne4 9. Bd2 Bxc3 10. bxc3 Nc6 11. c4 Qd6 12. d5 Ne5 13. 0-0 Re8 14. Nxe5 Qxe5 15. Re1 Nc3 16. Rb1 Nxd1 0-1

[Event "IECG Q1.1999.0.00079"]
[Site "IECG email"]
[Date "2000.05.22"]
[Round "?"]
[White "Phillips, Patrick"]
[Black "Kudryavtsev, Yaroslav Viktorovic"]
[Result "1-0"]
[WhiteElo "1882"]
[BlackElo "2174"]
[PlyCount "107"]
[EventDate "1999.05.29"]
[EventType "tourn (corr)"]
[EventRounds "6"]
[SourceTitle "Corr 2008"]
[Source "ChessBase"]
[SourceDate "2008.06.24"]
[SourceVersion "1"]
[SourceVersionDate "2008.06.24"]
[SourceQuality "1"]

1. Nf3 c5 2. g3 Nc6 3. Bg2 g6 4. 0-0 Bg7 5. d3 e5 6. e4 Nge7 7. Nbd2 d6 8. c3 0-0 9. a3 h6 10. b4 Be6 11. b5 Na5 12. c4 f5 13. Qc2 g5 14. Bb2 f4 15. h3 g4 16. hxg4 Bxg4 17. Nh4 Bf6 18. Ndf3 Bxf3 19. Nxf3 Ng6 20. Bh3 Kf7 21. Bc3 Rg8 22. Be1 b6 23. Kh2 Nb7 24. Rg1 Qe7 25. Bf5 Nd8 26. Bxg6+ Rxg6 27. Bd2 Ne6 28. gxf4 exf4 29. Rxg6 Kxg6 30. Rg1+ Kf7 31. Qc1 Be5 32. Rg2 Nd4 33. Qd1 Rg8 34. Nxe5+ Qxe5 35. Rxg8 Kxg8 36. Qg4+ Qg5 37. Kh3 Qxg4+ 38. Kxg4 Nc2 39. Bxf4 Ne1 40. Bxd6 Nxd3 41. f4 Nb2 42. Bb8 Nxc4 43. a4 Nb2 44. a5 c4 45. Bxa7 c3 46. axb6 c2 47. b7 c1Q 48. b8Q+ Kf7 49. Qb7+ Kf8 50. Qd5 Na4 51. Bd4 Qd1+ 52. Kf5 Qh5+ 53. Kf6 Qh4+ 54. Kg6 1-0

[Event "IECG CP.1999.P.00038"]
[Site "IECG email"]
[Date "1999.10.01"]
[Round "?"]
[White "Wood, Brian B"]
[Black "Phillips, Patrick"]
[Result "0-1"]
[WhiteElo "992"]
[BlackElo "1882"]
[PlyCount "86"]
[EventDate "1999.10.01"]
[EventType "tourn (corr)"]
[EventRounds "6"]
[EventCountry "USA"]
[SourceTitle "Corr 2008"]
[Source "ChessBase"]
[SourceDate "2008.06.24"]
[SourceVersion "1"]
[SourceVersionDate "2008.06.24"]
[SourceQuality "1"]

1. e4 d6 2. d4 e5 3. dxe5 dxe5 4. Qxd8+ Kxd8 5. Nf3 f6 6. Bc4 Nd7 7. 0-0 c6 8. Nc3 Nc5 9. Rd1+ Kc7 10. a3 Be6 11. Bxe6 Nxe6 12. Be3 Bc5 13. Bxc5 Nxc5 14. b4 Ne6 15. Na4 Ne7 16. c4 Rhd8 17. Rxd8 Rxd8 18. b5 Rd3 19. Kf1 cxb5 20. cxb5 Rb3 21. b6+ axb6 22. Rc1+ Nc5 23. Nxc5 bxc5 24. Rxc5+ Kb6 25. Rc2 Rxa3 26. Nd2 Ra1+ 27. Ke2 Nc6 28. Nc4+ Ka6 29. Kd2 Nd4 30. Rb2 b5 31. Nd6 Ka5 32. Nb7+ Ka4 33. Nc5+ Ka3 34. Nd3 Rf1 35. f3 Rf2+ 36. Nxf2 Kxb2 37. Nd3+ Ka3 38. f4 exf4 39. Nxf4 b4 40. Nd3 b3 41. Kc1 Ne2+ 42. Kd2 Nf4 43. Nxf4 b2 0-1

[Event "IECG Q1.1999.0.00079"]
[Site "IECG email"]
[Date "1999.??.??"]
[Round "?"]
[White "Phillips, Patrick"]
[Black "Fransson, Percy"]
[Result "1/2-1/2"]
[WhiteElo "1882"]
[BlackElo "2185"]
[PlyCount "59"]
[EventDate "1999.05.29"]
[EventType "tourn (corr)"]
[EventRounds "6"]
[SourceTitle "Corr 2008"]
[Source "ChessBase"]
[SourceDate "2008.06.24"]
[SourceVersion "1"]
[SourceVersionDate "2008.06.24"]
[SourceQuality "1"]

1. Nf3 Nf6 2. g3 g6 3. b4 Bg7 4. Bb2 0-0 5. Bg2 c6 6. 0-0 a5 7. a3 axb4 8. axb4 Rxa1 9. Bxa1 Qb6 10. c3 d5 11. d3 Ne8 12. Nbd2 e5 13. c4 f6 14. Qb3 Be6 15. b5 dxc4 16. dxc4 Nd6 17. Qb4 cxb5 18. cxb5 Na6 19. Qb2 Qxb5 20. Rb1 Qxb2 21. Bxb2 Rc8 22. Ba3 Nc4 23. Nxc4 Bxc4 24. Nd2 Bxe2 25. Bd5+ Kh8 26. Ne4 h5 27. Bxb7 Rc7 28. Bxa6 Bxa6 29. Nxf6 Bxf6 30. Rb6 1/2-1/2

[Event "IECG CP.1998.P.00041"]
[Site "IECG email"]
[Date "1998.10.01"]
[Round "?"]
[White "Phillips, Patrick"]
[Black "Bartsch, Andreas"]
[Result "0-1"]
[WhiteElo "1882"]
[BlackElo "2252"]
[PlyCount "100"]
[EventDate "1998.10.01"]
[EventType "tourn (corr)"]
[EventRounds "6"]
[EventCountry "SWE"]
[SourceTitle "Corr 2008"]
[Source "ChessBase"]
[SourceDate "2008.06.24"]
[SourceVersion "1"]
[SourceVersionDate "2008.06.24"]
[SourceQuality "1"]

1. Nf3 Nf6 2. d4 g6 3. Bg5 Bg7 4. Nbd2 d6 5. e4 h6 6. Bh4 g5 7. Bg3 Nh5 8. c3 Nxg3 9. hxg3 c6 10. Bd3 d5 11. Qe2 Be6 12. e5 Qb6 13. Nf1 c5 14. dxc5 Qxc5 15. Nd4 Bd7 16. e6 fxe6 17. Bg6+ Kd8 18. Rd1 Qb6 19. Bf7 e5 20. Nf3 e4 21. Nd4 e6 22. Ne3 Bxd4 23. cxd4 Nc6 24. Ng4 Qb4+ 25. Qd2 Nxd4 26. Rxh6 Rxh6 27. Nxh6 Nc2+ 28. Kf1 Qxd2 29. Rxd2 Rc8 30. Bg6 Bb5+ 31. Kg1 Ke7 32. Ng4 Ne1 33. Ne3 Nd3 34. f3 Kf6 35. Bh5 Rh8 36. fxe4 Rxh5 37. exd5 Ke5 38. Ng4+ Kd6 39. dxe6 Kxe6 40. Re2+ Kf5 41. Ne3+ Kg6 42. g4 Rh7 43. Nf5 Nf4 44. Rd2 Rd7 45. Rd6+ Rxd6 46. Nxd6 Bc6 47. g3 Nd3 48. Nc4 Bd5 49. b3 Bxc4 50. bxc4 Ne5 0-1